000 00320 a2200157 4500
001 61260
020 _a9788853600103
040 _cAnchieta - Pituba
100 _aWeiss, Jacqueline
240 1 0 _aWortschatz
_lpor
245 1 0 _aWortschatz
300 _a80
362 0 _a2003
650 4 _aLíngua alemã
942 _cBK
999 _c61260
_d61260